000 00684ngm a22002650a 4500
001 PT41805
003 AR-LpoUNG
005 20210201232331.0
007 co ||u|||uuuuu
008 191001s2009||||xxk|||||||||||||||||eng d
020 _a9781405845472
_c$19.50
040 _aAR-LpoUNG
_bspa
_cAR-LpoUNG
_eaacr
041 _aeng
044 _axxk
082 0 _a428 697tec
100 1 _aBonamy, David
245 1 0 _aTechnical English 1 :
_bcourse book CD
260 _as.l. :
_bPearson Education,
_c2009.
650 4 _aENSEƑANZA DE IDIOMAS
650 4 _aIDIOMAS
650 4 _aLENGUA INGLESA
651 4 _aDOCUMENTOS TEORICOS O METODOLOGICOS
905 _a41805
942 _cCDDVD
999 _c53402
_d53402